Detalles MARC
| 000 -CABECERA |
| Longitud fija campo de control |
01735nam a2200469 c 4500 |
| 001 - NÚMERO DE CONTROL |
| Número de control |
23108 |
| 003 - IDENTIFICADOR DE NÚMERO DE CONTROL |
| Identificador del número de control |
ES-MaCES |
| 005 - FECHA Y HORA DE LA ÚLTIMA TRANSACCIÓN |
| Fecha y hora de la última transacción |
20150929135511.0 |
| 008 - CAMPO FIJO DE DESCRIPCIÓN FIJA--INFORMACIÓN GENERAL |
| Códigos de información de longitud fija |
100611s2010 sp d t o000 | spa d |
| 017 ## - NÚMERO DE REGISTRO DE DERECHOS DE AUTOR Y DEPÓSITO LEGAL |
| Número de copyright o de depósito legal |
M 18901-2010 |
| Agencia que asigna el número |
DL |
| 020 ## - ISBN (INTERNATIONAL STANDARD BOOK NUMBER) |
| Número Internacional Normalizado para Libros (ISBN) |
9788484173595 |
| 024 7# - OTROS IDENTIFICADORES |
| Número normalizado o código |
201-10-013-2 |
| Fuente del número o código |
nipo |
| 035 ## - NÚMERO DE CONTROL DEL SISTEMA |
| Número de control del sistema |
CES20100004712m |
| 040 ## - FUENTE DE CATALOGACIÓN |
| Centro catalogador de origen |
ES-MaCES |
| Lengua de catalogación |
spa |
| Centro transcriptor |
ES-MaCES |
| 041 1# - CÓDIGO DE IDIOMA |
| Código de lengua del texto;banda sonora o título independiente |
spa |
| Código de lengua original |
eng |
| 245 03 - MENCIÓN DE TÍTULO |
| Título |
El empleo en Europa 2009 |
| Mención de responsabilidad, etc. |
Comisión Europea ; [traducción, Esther Rabasco ; revisión, Luis Toharia] |
| 260 ## - PUBLICACIÓN, DISTRIBUCIÓN, ETC (PIE DE IMPRENTA) |
| Lugar de publicación, distribución, etc. |
Madrid |
| Nombre del editor, distribuidor, etc. |
Ministerio de Trabajo e Inmigración, Subdirección General de Información Administrativa y Publicaciones |
| Fecha de publicación, distribución, etc. |
[2010] |
| 300 ## - DESCRIPCIÓN FÍSICA |
| Extensión |
255 p. |
| Otras características físicas |
gráf. bl. y n. |
| Dimensiones |
27 cm |
| 490 1# - MENCIÓN DE SERIE |
| Mención de serie |
Colección Informes y estudios. Serie empleo |
| Designación de volumen o secuencia |
41 |
| 500 ## - NOTA GENERAL |
| Nota general |
Traducción de: Employment in Europe 2009 |
| 541 ## - NOTA DE LA FUENTE INMEDIANTE DE ADQUISICIÓN |
| Forma de adquisición |
Gratuito |
| 650 #4 - ASIENTO SECUNDARIO DE MATERIA--TÉRMINO DE MATERIA |
| Término de materia o nombre geográfico como elemento inicial |
empleo |
| 9 (RLIN) |
28299 |
| 650 #4 - ASIENTO SECUNDARIO DE MATERIA--TÉRMINO DE MATERIA |
| Término de materia o nombre geográfico como elemento inicial |
desempleo |
| 9 (RLIN) |
28308 |
| 650 #4 - ASIENTO SECUNDARIO DE MATERIA--TÉRMINO DE MATERIA |
| Término de materia o nombre geográfico como elemento inicial |
mercado de trabajo |
| 9 (RLIN) |
28292 |
| 650 #4 - ASIENTO SECUNDARIO DE MATERIA--TÉRMINO DE MATERIA |
| Término de materia o nombre geográfico como elemento inicial |
análisis del mercado de mano de obra |
| 9 (RLIN) |
30745 |
| 650 #4 - ASIENTO SECUNDARIO DE MATERIA--TÉRMINO DE MATERIA |
| Término de materia o nombre geográfico como elemento inicial |
2009 |
| 9 (RLIN) |
31942 |
| 650 #4 - ASIENTO SECUNDARIO DE MATERIA--TÉRMINO DE MATERIA |
| Término de materia o nombre geográfico como elemento inicial |
tendencia |
| 9 (RLIN) |
28907 |
| 650 #4 - ASIENTO SECUNDARIO DE MATERIA--TÉRMINO DE MATERIA |
| Término de materia o nombre geográfico como elemento inicial |
predicción económica |
| 9 (RLIN) |
27072 |
| 653 10 - TÉRMINO DE INDEXACIÓN--NO CONTROLADO |
| Término no controlado |
Empleo |
| 650 #4 - ASIENTO SECUNDARIO DE MATERIA--TÉRMINO DE MATERIA |
| 9 (RLIN) |
29020 |
| Término de materia o nombre geográfico como elemento inicial |
país de la UE |
| 650 #4 - ASIENTO SECUNDARIO DE MATERIA--TÉRMINO DE MATERIA |
| 9 (RLIN) |
26752 |
| Término de materia o nombre geográfico como elemento inicial |
UE |
| 700 1# - ENCABEZAMIENTO SECUNDARIO--NOMBRE PERSONAL |
| Nombre de persona |
Rabasco, Esther |
| Término indicativo de función |
tr. |
| 9 (RLIN) |
21612 |
| 700 1# - ENCABEZAMIENTO SECUNDARIO--NOMBRE PERSONAL |
| Nombre de persona |
Toharia, Luis |
| Término indicativo de función |
col. |
| 9 (RLIN) |
24963 |
| 710 1# - ENCABEZAMIENTO SECUNDARIO--NOMBRE CORPORATIVO |
| Nombre de entidad o nombre de jurisdicción como elemento inicial |
España |
| Unidad subordinada |
Ministerio de Trabajo e Inmigración |
| Término indicativo de función |
ed. |
| 9 (RLIN) |
3272 |
| 740 02 - ENCABEZAMIENTO SECUNDARIO--TÍTULO ANALÍTICO/RELACIONADO NO CONTROLADO |
| Título relacionado o analítico no controlado |
Employment in Europe 2007 |
| 787 0# - ENTRADA DE OTRAS ESPECIFICACIONES |
| Título |
El empleo en Europa 2010 |
| Número de control del registro relacionado |
(ES-MaCES)23785 |
| 787 0# - ENTRADA DE OTRAS ESPECIFICACIONES |
| Título |
El empleo en Europa 2008 |
| Número de control del registro relacionado |
(ES-MaCES)22187 |
| 830 #0 - ENCABEZAMIENTO SECUNDARIO DE COLECCIÓN--TÍTULO UNIFORME |
| Título uniforme |
Colección Informes y estudios (España. Ministerio de Trabajo e Inmigración) |
| Nombre de parte o sección de la obra |
Serie Empleo |
| Designación de volumen o secuencia |
41 |
| 9 (RLIN) |
34423 |
| 902 ## - CES. TIPO DE DOCUMENTO |
| Tipodoc (006$c Sirtex) |
LIB Libro |
| 942 ## - ELEMENTOS KOHA |
| Fuente de clasificaión o esquema |
Clasificación propia del CES |
| Koha [por defecto] tipo de item |
Monografías |
| Parte de clasificación |
2.1. |